[Event "Qatar Masters op-A"]
[Site "Doha"]
[Date "2024.12.11"]
[Round "8"]
[White "Daneshvar, Bardiya"]
[Black "Begmuratov, Khumoyun"]
[Result "1-0"]
[WhiteElo "2600"]
[BlackElo "2416"]
[PlyCount "69"]
[EventDate "2024.12.03"]
[EventType "swiss"]
[EventRounds "9"]
[EventCountry "QAT"]
[SourceTitle "CB51_2024"]
[SourceDate "2024.12.18"]
[SourceVersion "1"]
[SourceVersionDate "2024.12.18"]
[SourceQuality "1"]

1. Nf3 Nf6 2. c4 e6 3. b3 b6 4. Bb2 Bb7 5. Nc3 d5 6. e3 dxc4 7. bxc4 c5 8. Be2 Be7 9. Qc2 Nc6 10. a3 Rc8 11. Rg1 Na5 12. g4 Nd7 13. d3 a6 14. Ne4 Rg8 15. g5 b5 16. Nfd2 Nb6 17. Rb1 b4 18. axb4 cxb4 19. Ra1 Bxe4 20. Nxe4 b3 21. Qd2 Nc6 22. Qd1 Rb8 23. Qxb3 Qc7 24. Kf1 Qxh2 25. Ba3 Nd7 26. Qa4 Nb4 27. c5 a5 28. Bxb4 axb4 29. d4 Kd8 30. Bb5 Qc7 31. Qxb4 e5 32. Rd1 Ke8 33. Qa4 exd4 34. Rxd4 Rd8 35. Ke2 1-0

[Event "Qatar Masters op-A"]
[Site "Doha"]
[Date "2024.12.10"]
[Round "7"]
[White "Sandipan, Chanda"]
[Black "Daneshvar, Bardiya"]
[Result "1/2-1/2"]
[WhiteElo "2480"]
[BlackElo "2600"]
[PlyCount "117"]
[EventDate "2024.12.03"]
[EventType "swiss"]
[EventRounds "9"]
[EventCountry "QAT"]
[SourceTitle "CB51_2024"]
[SourceDate "2024.12.18"]
[SourceVersion "1"]
[SourceVersionDate "2024.12.18"]
[SourceQuality "1"]

1. d4 Nf6 2. c4 e6 3. Nc3 Bb4 4. e3 b6 5. Bd2 Bb7 6. Nf3 Bxc3 7. Bxc3 Ne4 8. Bd3 Nxc3 9. bxc3 d6 10. 0-0 0-0 11. Nd2 Qg5 12. g3 c5 13. Qe2 Nc6 14. f4 Qe7 15. d5 Nb8 16. e4 Nd7 17. Rae1 Rae8 18. Nf3 g6 19. Qd2 Kh8 20. Re2 Qf6 21. e5 dxe5 22. Nxe5 Qd8 23. d6 f6 24. Nxg6+ hxg6 25. f5 Kg7 26. fxe6 Ne5 27. e7 Qxd6 28. exf8Q+ Rxf8 29. Qf4 g5 30. Qf5 Qxd3 31. Rxe5 Qxf5 32. Rexf5 Ba6 33. Rd5 Bxc4 34. Rd7+ Kg6 35. Re1 a5 36. a3 b5 37. g4 Rf7 38. Red1 Be6 39. Rxf7 Kxf7 40. Rb1 Bc4 41. Kf2 Ke6 42. Ke3 Ke5 43. Rb2 a4 44. Kf3 Bb3 45. Ke3 Bc4 46. h3 Bb3 47. Rh2 f5 48. gxf5 Kxf5 49. Rf2+ Ke5 50. Rf8 Be6 51. Rh8 Kd5 52. Rh6 Bd7 53. h4 gxh4 54. Rxh4 Bc8 55. c4+ bxc4 56. Rh6 Bg4 57. Kd2 c3+ 58. Kxc3 Bd1 59. Rh1 1/2-1/2

[Event "Pavlodar op"]
[Site "Pavlodar"]
[Date "2024.10.18"]
[Round "7"]
[White "Daneshvar, Bardiya"]
[Black "Sivuk, Vitaly"]
[Result "1/2-1/2"]
[WhiteElo "2613"]
[BlackElo "2519"]
[PlyCount "95"]
[EventDate "2024.10.13"]
[EventType "swiss"]
[EventRounds "10"]
[EventCountry "KAZ"]
[SourceTitle "CB43_2024"]
[Source "Chessbase"]
[SourceDate "2024.10.23"]
[SourceVersion "1"]
[SourceVersionDate "2024.10.23"]
[SourceQuality "1"]

1. d4 d5 2. c4 c6 3. Nf3 Nf6 4. Nc3 dxc4 5. a4 Bf5 6. Ne5 e6 7. f3 c5 8. e4 cxd4 9. exf5 Nc6 10. Nxc6 bxc6 11. Bxc4 dxc3 12. fxe6 fxe6 13. Qxd8+ Kxd8 14. bxc3 Nd5 15. Kd2 Bd6 16. Kc2 Kd7 17. Bd2 Rab8 18. a5 Rhf8 19. Ra4 h6 20. Ba2 Bf4 21. Bxd5 Bxd2 22. Be4 Bg5 23. Rd1+ Ke7 24. Bxc6 Rfd8 25. Rxd8 Rxd8 26. Rb4 Kd6 27. Bb7 Rd7 28. a6 Bf6 29. Kb3 Rc7 30. c4 Rc5 31. Ra4 Rh5 32. h3 Kc7 33. Be4 Bd4 34. Ra2 Rc5 35. Kb4 Re5 36. Rd2 Bc5+ 37. Kb3 Bb6 38. Bg6 Bc5 39. Ka4 Re1 40. Be4 Ra1+ 41. Kb5 Bb6 42. Re2 e5 43. Bf5 Bd4 44. c5 Ra3 45. Be6 Rc3 46. Bc4 Rc1 47. Kb4 Kc6 48. Bd3 1/2-1/2

[Event "Pavlodar op"]
[Site "Pavlodar"]
[Date "2024.10.15"]
[Round "3"]
[White "Nitish, Belurkar"]
[Black "Daneshvar, Bardiya"]
[Result "0-1"]
[WhiteElo "2425"]
[BlackElo "2613"]
[PlyCount "66"]
[EventDate "2024.10.13"]
[EventType "swiss"]
[EventRounds "10"]
[EventCountry "KAZ"]
[SourceTitle "CB43_2024"]
[Source "Chessbase"]
[SourceDate "2024.10.23"]
[SourceVersion "1"]
[SourceVersionDate "2024.10.23"]
[SourceQuality "1"]

1. e4 c5 2. Nf3 Nc6 3. c3 Nf6 4. e5 Nd5 5. d4 d6 6. Bc4 e6 7. 0-0 Be7 8. exd6 Qxd6 9. Nbd2 cxd4 10. Ne4 Qc7 11. Nxd4 0-0 12. Bg5 Nxd4 13. Qxd4 e5 14. Qxd5 Be6 15. Qd2 Bxc4 16. Bxe7 Qxe7 17. Rfd1 Rad8 18. Qe3 Bd5 19. b3 Bc6 20. c4 f5 21. Qg5 Qe8 22. Ng3 Rxd1+ 23. Rxd1 h6 24. Qh4 f4 25. Nf5 Rf6 26. Qg4 Qf7 27. Rd8+ Kh7 28. Nh4 e4 29. g3 e3 30. gxf4 Qe7 31. Rd1 exf2+ 32. Kxf2 Qe4 33. Ng2 Rg6 0-1

[Event "Pavlodar op"]
[Site "Pavlodar"]
[Date "2024.10.13"]
[Round "1"]
[White "Serikbay, Assel"]
[Black "Daneshvar, Bardiya"]
[Result "1/2-1/2"]
[WhiteElo "2237"]
[BlackElo "2613"]
[PlyCount "92"]
[EventDate "2024.10.13"]
[EventType "swiss"]
[EventRounds "10"]
[EventCountry "KAZ"]
[SourceTitle "CB43_2024"]
[Source "Chessbase"]
[SourceDate "2024.10.23"]
[SourceVersion "1"]
[SourceVersionDate "2024.10.23"]
[SourceQuality "1"]

1. d4 Nf6 2. c4 g6 3. g3 c5 4. d5 Bg7 5. Nc3 0-0 6. Bg2 d6 7. Nf3 e6 8. 0-0 Re8 9. Re1 exd5 10. cxd5 a6 11. a4 Nbd7 12. Bf4 Ng4 13. Qc1 Nge5 14. Bg5 f6 15. Bh6 Rb8 16. Bxg7 Kxg7 17. h4 Nxf3+ 18. exf3 Ne5 19. f4 Nf7 20. Rxe8 Qxe8 21. Ne4 Qd8 22. Qc3 a5 23. Ng5 Nh6 24. Re1 Nf5 25. Ne6+ Bxe6 26. dxe6 h5 27. Bh3 Ne7 28. Qf3 f5 29. Qc3+ Kg8 30. Bg2 b6 31. Rd1 Qc7 32. Qf6 Rf8 33. Qc3 Nc8 34. Qc4 Kh7 35. Qd5 Rd8 36. Qc4 Ne7 37. Bd5 Ng8 38. Qc3 Qe7 39. Qb3 Rb8 40. Qb5 Nf6 41. Qc6 Kg7 42. Bc4 Ne8 43. Rd3 Kf8 44. Re3 Nf6 45. Rd3 Ne8 46. Re3 Nf6 1/2-1/2

[Event "Julius Baer GenCup D2 L"]
[Site "Chess.com INT"]
[Date "2024.09.29"]
[Round "2.2"]
[White "Daneshvar, Bardiya"]
[Black "Anton Guijarro, David"]
[Result "1/2-1/2"]
[WhiteElo "2598"]
[BlackElo "2665"]
[PlyCount "100"]
[EventDate "2024.09.28"]
[EventType "k.o. (rapid)"]
[EventRounds "6"]
[EventCountry "GER"]
[SourceTitle "EXT 2025"]
[Source "ChessBase"]
[SourceDate "2024.10.14"]
[SourceVersion "1"]
[SourceVersionDate "2024.10.14"]
[SourceQuality "1"]

1. d4 f5 2. g3 Nf6 3. Bg2 g6 4. c4 Bg7 5. Nc3 0-0 6. Nf3 d6 7. 0-0 c6 8. Qb3 Kh8 9. Rd1 Na6 10. Qc2 Qc7 11. Bf4 Nh5 12. Bg5 f4 13. Qd2 e5 14. dxe5 dxe5 15. Bd8 Qf7 16. Ng5 Qg8 17. Nge4 Be6 18. Be7 Rfe8 19. Bh4 h6 20. Bf3 Bxc4 21. Nd6 Rf8 22. Be7 fxg3 23. hxg3 Rxf3 24. exf3 Be6 25. Nxb7 Qf7 26. Nc5 Qxe7 27. Nxa6 Rf8 28. Ne4 Qf7 29. Qe3 Nf6 30. Nxf6 Qxf6 31. Nc5 Bd5 32. Rxd5 cxd5 33. Nd7 d4 34. Qa3 Qxf3 35. Nxf8 Qxa3 36. Nxg6+ Kh7 37. bxa3 Kxg6 38. f3 Kf5 39. Kf2 e4 40. fxe4+ Kxe4 41. Rb1 Kd3 42. Rd1+ Kc2 43. Ke2 h5 44. Rd2+ Kc3 45. Rd3+ Kc2 46. a4 a5 47. Rd2+ Kc3 48. Rd3+ Kc2 49. Rd2+ Kc3 50. Rd3+ Kc2 1/2-1/2

[Event "Julius Baer GenCup D2 L"]
[Site "Chess.com INT"]
[Date "2024.09.29"]
[Round "3.3"]
[White "Daneshvar, Bardiya"]
[Black "Indjic, Aleksandar"]
[Result "0-1"]
[WhiteElo "2598"]
[BlackElo "2611"]
[PlyCount "80"]
[EventDate "2024.09.28"]
[EventType "k.o. (rapid)"]
[EventRounds "6"]
[EventCountry "GER"]
[SourceTitle "EXT 2025"]
[Source "ChessBase"]
[SourceDate "2024.10.14"]
[SourceVersion "1"]
[SourceVersionDate "2024.10.14"]
[SourceQuality "1"]

1. c4 e5 2. g3 Nc6 3. Bg2 Bc5 4. Nc3 a6 5. e3 Ba7 6. Nge2 d6 7. d4 Bd7 8. a3 h5 9. h3 Nf6 10. b4 Qc8 11. Bb2 Ne7 12. c5 exd4 13. exd4 Ng6 14. Qd3 0-0 15. 0-0-0 Re8 16. Rde1 a5 17. Nf4 Nxf4 18. gxf4 axb4 19. axb4 Rxe1+ 20. Rxe1 Bf5 21. Qg3 Qd8 22. Nd5 Nxd5 23. Bxd5 c6 24. Bb3 d5 25. Bc3 Bb8 26. Kb2 Bc7 27. h4 g6 28. Bd2 Qd7 29. Be3 b5 30. Bd1 Kh7 31. Rg1 Bd8 32. Bb3 Qa7 33. Kc3 Bf6 34. Rd1 Qa3 35. Bc1 Qa1+ 36. Bb2 Bxd4+ 37. Rxd4 Qe1+ 38. Rd2 d4+ 39. Kxd4 Qxd2+ 40. Ke5 Qxb2+ 0-1